[Event "CCT Play-in Chessable Masters 2024"]
[Site "Online"]
[Date "2024.01.31"]
[Round "7"]
[White "Volokitin, Andrei"]
[Black "Sankalp Gupta"]
[Result "0-1"]
[WhiteElo "2663"]
[BlackElo "2535"]
[Annotator "TA"]
[PlyCount "94"]
[EventDate "2024.01.26"]
[EventType "swiss"]
[EventCountry "NET"]
[SourceTitle "playchess.com"]
[Source "ChessBase"]
[SourceQuality "1"]

1. e4 e6 2. d4 d5 3. Nc3 Nf6 4. e5 Nfd7 5. f4 c5 6. Nf3 Nc6 7. Be3 Be7 8. Qd2 O-O 9. dxc5 Nxc5 10. O-O-O b6 11. Bb5 Qc7 12. Bxc6 Qxc6 13. Nd4 Qc7 14. f5 Qxe5 15. Bf4 Nd3+ 16. Qxd3 Qxf4+ 17. Kb1 Bf6 18. Rhf1 Qxd4 19. Qxd4 Bxd4 20. Rxd4 Bb7 21. f6 g6 22. Re1 Rfc8 23. g4 h6 24. h4 Kf8 25. Nb5 Rc5 26. b4 Rc6 27. Rd2 a5 28. Nd4 Rc4 29. b5 Ke8 30. g5 h5 31. Kb2 Rac8 32. Re3 Kd7 33. c3 Kd6 34. Nf3 R8c5 35. a4 Rxa4 36. Ne5 Rc7 37. Rd4 Rac4 38. Nxc4+ Rxc4 39. Rxc4 dxc4 40. Re1 Bd5 41. Kc2 Kc5 42. Kd2 Kxb5 43. Ke3 Kc5 44. Ra1 e5 45. Ra2 Bc6 46. Ra1 a4 47. Ra2 b5 0-1

[Event "CCT Play-in Chessable Masters 2024"]
[Site "Online"]
[Date "2024.01.31"]
[Round "7"]
[White "crescentmoon"]
[Black "bardiya_Daneshvar"]
[Result "0-1"]
[WhiteElo "2655"]
[BlackElo "2574"]
[Annotator "TA"]
[PlyCount "94"]
[EventDate "2024.01.26"]
[EventType "swiss"]
[EventCountry "NET"]
[SourceTitle "playchess.com"]
[Source "ChessBase"]
[SourceQuality "1"]

1. d4 Nf6 2. c4 e6 3. Nf3 d5 4. g3 Bb4+ 5. Bd2 Be7 6. Bg2 O-O 7. Qc2 Nbd7 8. cxd5 exd5 9. O-O c6 10. Nc3 Re8 11. Bf4 Nf8 12. a3 Ne6 13. Bd2 a5 14. e3 g6 15. Ne5 Ng7 16. Na4 Ne4 17. Bxe4 dxe4 18. Qb3 Rf8 19. Rfd1 Qe8 20. Bc3 b5 21. Nb6 Be6 22. d5 cxd5 23. Nxa8 d4 24. Qc2 d3 25. Nxd3 exd3 26. Qxd3 Qxa8 27. Qxb5 a4 28. Rd4 Nh5 29. Rxa4 Qf3 30. Qe5 Bf6 31. Qe4 Qxe4 32. Rxe4 Bxc3 33. bxc3 Nf6 34. Rd4 Rc8 35. c4 Nd7 36. a4 Ne5 37. Kg2 Bg4 38. h3 Bf3+ 39. Kf1 Nxc4 40. g4 Na5 41. Rb4 Rc3 42. Kg1 Nb3 43. Ra3 Rc1+ 44. Kh2 Nd2 45. h4 Rh1+ 46. Kg3 Rg1+ 47. Kh3 Nf1 0-1

[Event "CCT Play-in Chessable Masters 2024"]
[Site "Online"]
[Date "2024.01.31"]
[Round "7"]
[White "Sadhwani, Raunak"]
[Black "Samadov, Read"]
[Result "1-0"]
[WhiteElo "2654"]
[BlackElo "2502"]
[Annotator "RC"]
[PlyCount "71"]
[EventDate "2024.01.26"]
[EventType "swiss"]
[EventCountry "NET"]
[SourceTitle "playchess.com"]
[Source "ChessBase"]
[SourceQuality "1"]

1. e4 c5 2. Nf3 d6 3. Bb5+ Nd7 4. O-O a6 5. Be2 Ngf6 6. d3 g6 7. a4 b6 8. Nfd2 Bg7 9. f4 O-O 10. Nc3 Bb7 11. Bf3 Rb8 12. Qe1 e6 13. g4 Ne8 14. g5 Kh8 15. h4 f5 16. h5 fxe4 17. Ndxe4 gxh5 18. Bxh5 Qe7 19. Bg4 Bd4+ 20. Kh2 Ng7 21. Ne2 Nf5 22. Nxd4 cxd4 23. Ng3 Qf7 24. Bh5 Qg8 25. Nxf5 Rxf5 26. Bg4 Qg6 27. Qf2 Ne5 28. Qxd4 Kg8 29. Be2 Nf7 30. Qe3 Rf8 31. Qh3 e5 32. Bh5 Qe6 33. Bg4 Nxg5 34. Bxf5 Rxf5 35. fxg5 Qd5 36. Be3 1-0

[Event "CCT Play-in Chessable Masters 2024"]
[Site "Online"]
[Date "2024.01.31"]
[Round "7"]
[White "Mamedov, Rauf"]
[Black "Shevchenko, Kirill"]
[Result "1/2-1/2"]
[WhiteElo "2651"]
[BlackElo "2651"]
[Annotator "TA"]
[PlyCount "38"]
[EventDate "2024.01.26"]
[EventType "swiss"]
[EventCountry "NET"]
[SourceTitle "playchess.com"]
[Source "ChessBase"]
[SourceQuality "1"]

1. e4 e5 2. Nf3 Nf6 3. d4 Nxe4 4. Bd3 d5 5. Nxe5 Bd6 6. Nd2 Bxe5 7. dxe5 Nc5 8. Nf3 Bg4 9. h3 Bh5 10. Be2 Nc6 11. O-O O-O 12. Re1 Re8 13. Bf4 Ne6 14. Bg3 Qd7 15. c3 Rad8 16. Bh4 Rc8 17. Bg3 Rcd8 18. Bh4 Rc8 19. Bg3 Rcd8 1/2-1/2

[Event "CCT Play-in Chessable Masters 2024"]
[Site "Online"]
[Date "2024.01.31"]
[Round "7"]
[White "Malakhov, Vladimir"]
[Black "Sarana, Alexey"]
[Result "1-0"]
[WhiteElo "2648"]
[BlackElo "2695"]
[Annotator "TA"]
[PlyCount "91"]
[EventDate "2024.01.26"]
[EventType "swiss"]
[EventCountry "NET"]
[SourceTitle "playchess.com"]
[Source "ChessBase"]
[SourceQuality "1"]

1. Nf3 d5 2. g3 g6 3. Bg2 Bg7 4. d4 c6 5. O-O Nf6 6. c3 O-O 7. Nbd2 Nbd7 8. Re1 c5 9. a4 a5 10. Nb1 Ne4 11. Na3 Ndf6 12. Ng5 cxd4 13. cxd4 Qb6 14. Nxe4 Nxe4 15. Be3 Bf5 16. Nb5 Rac8 17. Qb3 Rfd8 18. Rac1 Rc6 19. g4 Bc8 20. h3 f5 21. f3 Nf6 22. g5 Ne8 23. f4 Be6 24. Rc5 Bf7 25. Rec1 e6 26. Qd3 Bf8 27. R5c2 Nd6 28. Nxd6 Bxd6 29. Bd2 e5 30. fxe5 Bxe5 31. Rc5 Rdc8 32. Bxa5 Qa7 33. Bb4 Bf4 34. Rxc6 bxc6 35. Ra1 Qb8 36. Qc3 Re8 37. a5 Rxe2 38. Qc5 Rxb2 39. a6 Rxb4 40. a7 Be3+ 41. Kh1 Rb1+ 42. Bf1 Rxf1+ 43. Rxf1 Qc8 44. Ra1 Qa8 45. Qd6 Kg7 46. Qb8 1-0

[Event "CCT Play-in Chessable Masters 2024"]
[Site "Online"]
[Date "2024.01.31"]
[Round "7"]
[White "MashaPutina"]
[Black "stSecond"]
[Result "1-0"]
[WhiteElo "2646"]
[BlackElo "2553"]
[Annotator "RC"]
[PlyCount "71"]
[EventDate "2024.01.26"]
[EventType "swiss"]
[EventCountry "NET"]
[SourceTitle "playchess.com"]
[Source "ChessBase"]
[SourceQuality "1"]

1. d4 Nf6 2. c4 e6 3. Nf3 d5 4. Nc3 a6 5. cxd5 exd5 6. Qb3 c6 7. e4 Nxe4 8. Nxe4 Qe7 9. Bd2 dxe4 10. O-O-O Be6 11. Bc4 Bxc4 12. Qxc4 Nd7 13. Rde1 O-O-O 14. Ng5 f5 15. Nf7 Nb6 16. Qb3 Nd5 17. Nxh8 g6 18. f3 Bg7 19. fxe4 fxe4 20. Qh3+ Kb8 21. Qg3+ Ka7 22. Bg5 Bf6 23. Bxf6 Qxf6 24. Nxg6 hxg6 25. Rxe4 g5 26. Qe5 Qf7 27. Rd1 Rf8 28. Qxg5 Rg8 29. Qd2 Nb6 30. b3 Nd5 31. g3 Qh7 32. Rde1 Rf8 33. Kb2 Rf3 34. Qc2 Qf7 35. Qc5+ b6 36. Re7+ 1-0

[Event "CCT Play-in Chessable Masters 2024"]
[Site "Online"]
[Date "2024.01.31"]
[Round "7"]
[White "Donchenko, Alexander"]
[Black "Kosteniuk, Alexandra"]
[Result "1/2-1/2"]
[WhiteElo "2643"]
[BlackElo "2501"]
[Annotator "RC"]
[PlyCount "172"]
[EventDate "2024.01.26"]
[EventType "swiss"]
[EventCountry "NET"]
[SourceTitle "playchess.com"]
[Source "ChessBase"]
[SourceQuality "1"]

1. Nf3 d5 2. e3 Nf6 3. c4 g6 4. b3 Bg7 5. Bb2 O-O 6. cxd5 Nxd5 7. Bxg7 Kxg7 8. Be2 c5 9. Qc2 b6 10. O-O Ba6 11. d3 Nc6 12. a3 Rc8 13. Nbd2 e5 14. Rfd1 Qe7 15. Qb2 f6 16. Bf1 Rfd8 17. h3 Nc7 18. Nc4 Ne6 19. Rab1 b5 20. Ncd2 Bb7 21. b4 a6 22. Ne4 cxb4 23. axb4 Nb8 24. Ned2 Nd7 25. d4 exd4 26. Nxd4 Nxd4 27. Qxd4 Ne5 28. Qa1 Rc2 29. Nb3 Rxd1 30. Rxd1 Qxb4 31. Nd4 Rd2 32. Rc1 Kh6 33. Rc7 Be4 34. Qxa6 Qf8 35. Qxb5 Rd1 36. Qa4 Rb1 37. Qa7 Qg8 38. Ne2 Bd3 39. Ng3 Bxf1 40. Nxf1 g5 41. Qa6 Qd8 42. Rc5 Kg7 43. Qe2 Qd3 44. Rc2 Qxe2 45. Rxe2 h5 46. f3 Kg6 47. Rd2 g4 48. fxg4 hxg4 49. Kf2 gxh3 50. gxh3 Nc4 51. Ra2 Ne5 52. Ng3 Nd3+ 53. Kf3 Ne5+ 54. Kg2 Rb3 55. e4 Nd3 56. h4 Nf4+ 57. Kh2 Nh5 58. Nf5 Nf4 59. Rf2 Rh3+ 60. Kg1 Ne6 61. Rg2+ Kf7 62. Rg3 Rxg3+ 63. Nxg3 Kg6 64. Kf2 Nc5 65. Kf3 Nd7 66. Kf4 Ne5 67. h5+ Kf7 68. Kf5 Nf3 69. Kg4 Ne5+ 70. Kf4 Nd3+ 71. Kf5 Kg7 72. Ne2 Ne5 73. Nf4 Nc4 74. Nd5 Nd6+ 75. Kf4 Nf7 76. Ne7 Kh6 77. Ng8+ Kg7 78. Ne7 Kh6 79. Kg4 Ne5+ 80. Kh4 Nf3+ 81. Kg3 Ng5 82. Ng8+ Kxh5 83. Nxf6+ Kg6 84. e5 Kf5 85. Ng4 Nf7 86. Kf3 Nxe5+ 1/2-1/2

[Event "CCT Play-in Chessable Masters 2024"]
[Site "Online"]
[Date "2024.01.31"]
[Round "7"]
[White "Melkumyan, Hrant"]
[Black "Sanal, Vahap"]
[Result "1-0"]
[WhiteElo "2640"]
[BlackElo "2567"]
[Annotator "RC"]
[PlyCount "127"]
[EventDate "2024.01.26"]
[EventType "swiss"]
[EventCountry "NET"]
[SourceTitle "playchess.com"]
[Source "ChessBase"]
[SourceQuality "1"]

1. Nf3 d5 2. d4 Nf6 3. c4 e6 4. Nc3 c5 5. e3 Nc6 6. cxd5 Nxd5 7. Bb5 a6 8. Bxc6+ bxc6 9. O-O Nxc3 10. bxc3 cxd4 11. cxd4 Bd6 12. Qa4 O-O 13. Ba3 a5 14. Rfc1 Bxa3 15. Qxa3 Ba6 16. Ne5 Bb5 17. Nxc6 Qh4 18. Ne5 h6 19. h3 Rfc8 20. Rc5 Be8 21. Rxa5 Rc2 22. Rf1 Rac8 23. Ra8 Qe4 24. Rxc8 Rxc8 25. Qb4 f6 26. Nf3 Ra8 27. a3 Bc6 28. Rc1 Bd5 29. Qb2 h5 30. Rc3 Kh7 31. Ne1 Qg6 32. f3 f5 33. Nd3 Qg5 34. Qf2 Rb8 35. h4 Rb1+ 36. Rc1 Rxc1+ 37. Nxc1 Qe7 38. Nd3 Qxa3 39. Nf4 g6 40. Kh2 Qe7 41. Qg3 Qf7 42. Qg5 Bc4 43. Nh3 Kg7 44. Qg3 Bd5 45. Qe5+ Qf6 46. Nf4 Qxe5 47. dxe5 Bc4 48. Kg3 Kh6 49. Nh3 Kg7 50. Ng5 Kf8 51. Kf4 Kg7 52. Nh3 Kh6 53. Kg3 Bb3 54. Kf2 Bc4 55. Ke1 Bb5 56. Kd2 Bf1 57. Nf4 Bc4 58. Kc3 Ba2 59. Nh3 Kg7 60. Kd4 Kf7 61. Kc5 Ke7 62. Nf4 Kf7 63. Kd6 Bc4 64. Nh3 1-0

[Event "CCT Play-in Chessable Masters 2024"]
[Site "Online"]
[Date "2024.01.31"]
[Round "7"]
[White "Fressinet, Laurent"]
[Black "Yu, Yangyi"]
[Result "1/2-1/2"]
[WhiteElo "2637"]
[BlackElo "2720"]
[Annotator "TA"]
[PlyCount "64"]
[EventDate "2024.01.26"]
[EventType "swiss"]
[EventCountry "NET"]
[SourceTitle "playchess.com"]
[Source "ChessBase"]
[SourceQuality "1"]

1. d4 Nf6 2. Nf3 e6 3. Bg5 Be7 4. Nbd2 h6 5. Bh4 d6 6. e4 O-O 7. c3 Nbd7 8. Bd3 Nh5 9. Bg3 e5 10. dxe5 dxe5 11. O-O Nxg3 12. hxg3 c6 13. a4 Qc7 14. Bc4 a5 15. Qe2 g6 16. Ba2 Nb6 17. Nc4 Nxc4 18. Bxc4 Bd7 19. Rfd1 Rad8 20. Rd2 Kg7 21. Rad1 Bg4 22. Qe3 Bg5 23. Nxg5 Bxd1 24. Nxf7 Rxf7 25. Bxf7 Bxa4 26. Ba2 c5 27. Rxd8 Qxd8 28. Qxc5 Qd1+ 29. Kh2 Qh5+ 30. Kg1 Qd1+ 31. Kh2 Qh5+ 32. Kg1 Qd1+ 1/2-1/2

[Event "CCT Play-in Chessable Masters 2024"]
[Site "Online"]
[Date "2024.01.31"]
[Round "7"]
[White "Gledura, Benjamin"]
[Black "Sargissian, Gabriel"]
[Result "0-1"]
[WhiteElo "2633"]
[BlackElo "2672"]
[Annotator "RC"]
[PlyCount "68"]
[EventDate "2024.01.26"]
[EventType "swiss"]
[EventCountry "NET"]
[SourceTitle "playchess.com"]
[Source "ChessBase"]
[SourceQuality "1"]

1. e4 e5 2. Nf3 Nc6 3. Bc4 Nf6 4. d3 Be7 5. O-O O-O 6. a4 d6 7. c3 a5 8. Qb3 Nd7 9. Be3 Bf6 10. Qa3 Re8 11. Nbd2 Nf8 12. b4 Be6 13. b5 Nb8 14. Bxe6 Nxe6 15. d4 Nd7 16. Rad1 Ng5 17. Nxg5 Bxg5 18. f4 exf4 19. Bxf4 Re6 20. Qb3 Bxf4 21. Rxf4 Rf6 22. Rdf1 Qe7 23. Qd5 Rxf4 24. Rxf4 Rb8 25. Nf3 h6 26. Nh4 Nf6 27. Qa2 Qe6 28. Qxe6 fxe6 29. Ng6 Kh7 30. Nh4 e5 31. dxe5 dxe5 32. Rf5 Re8 33. Nf3 Nxe4 34. Nxe5 Nd6 0-1

[Event "CCT Play-in Chessable Masters 2024"]
[Site "Online"]
[Date "2024.01.31"]
[Round "7"]
[White "Durarbayli, Vasif"]
[Black "Aditya Mittal"]
[Result "0-1"]
[WhiteElo "2627"]
[BlackElo "2588"]
[Annotator "RC"]
[PlyCount "78"]
[EventDate "2024.01.26"]
[EventType "swiss"]
[EventCountry "NET"]
[SourceTitle "playchess.com"]
[Source "ChessBase"]
[SourceQuality "1"]

1. e4 e5 2. Nf3 Nc6 3. d4 exd4 4. Nxd4 Nf6 5. Nxc6 bxc6 6. e5 Qe7 7. Qe2 Nd5 8. h4 f6 9. c4 Ba6 10. Rh3 O-O-O 11. Ra3 Nb4 12. Ra5 d5 13. a3 Bxc4 14. Qg4+ Kb8 15. axb4 Qxe5+ 16. Be2 Bxb4+ 17. Nc3 h5 18. Qxc4 Bxa5 19. Rxa5 dxc4 20. Rxe5 fxe5 21. g3 Rd4 22. Be3 Rhd8 23. Bxh5 Kb7 24. Be2 c5 25. Nb5 Kc6 26. Nxd4+ exd4 27. Bc1 Kb5 28. g4 Kb4 29. h5 c3 30. bxc3+ dxc3 31. Bd1 a5 32. g5 a4 33. Bxa4 Kxa4 34. g6 c2 35. Ke2 Rd1 36. h6 gxh6 37. g7 Rg1 38. Bxh6 Rxg7 39. Kd2 Rg6 0-1

[Event "CCT Play-in Chessable Masters 2024"]
[Site "Online"]
[Date "2024.01.31"]
[Round "7"]
[White "Mishra, Abhimanyu"]
[Black "Bluebaum, Matthias"]
[Result "1/2-1/2"]
[WhiteElo "2627"]
[BlackElo "2655"]
[Annotator "TA"]
[PlyCount "71"]
[EventDate "2024.01.26"]
[EventType "swiss"]
[EventCountry "NET"]
[SourceTitle "playchess.com"]
[Source "ChessBase"]
[SourceQuality "1"]

1. e4 e6 2. d4 d5 3. Nd2 c5 4. Ngf3 Nf6 5. exd5 Nxd5 6. Nb3 cxd4 7. Nbxd4 Bb4+ 8. Bd2 O-O 9. Bxb4 Nxb4 10. c3 Nd5 11. Bc4 b6 12. O-O Bb7 13. Re1 Nc6 14. Nxc6 Bxc6 15. Ne5 Bb7 16. Qg4 Qc7 17. Rad1 Rad8 18. Bb3 Nf6 19. Qf4 Nd7 20. Ng6 Qxf4 21. Nxf4 Nc5 22. Bc2 Bc6 23. f3 Na4 24. Bxa4 Bxa4 25. b3 Bc6 26. c4 Rxd1 27. Rxd1 Rc8 28. Kf2 Kf8 29. Ne2 Ke7 30. Nc3 g5 31. g3 h6 32. Ke3 Kf6 33. Ne4+ Ke7 34. Nc3 Kf6 35. Ne4+ Ke7 36. Nc3 1/2-1/2

[Event "CCT Play-in Chessable Masters 2024"]
[Site "Online"]
[Date "2024.01.31"]
[Round "7"]
[White "Sargsyan_Shant"]
[Black "Petrosyan, Manuel"]
[Result "1-0"]
[WhiteElo "2627"]
[BlackElo "2627"]
[Annotator "RC"]
[PlyCount "95"]
[EventDate "2024.01.26"]
[EventType "swiss"]
[EventCountry "NET"]
[SourceTitle "playchess.com"]
[Source "ChessBase"]
[SourceQuality "1"]

1. d4 Nf6 2. Nf3 d5 3. g3 c6 4. c4 Bf5 5. Nc3 e6 6. Nh4 dxc4 7. Nxf5 exf5 8. Bg5 Nbd7 9. e3 b5 10. Bg2 Rc8 11. O-O Bb4 12. a4 Bxc3 13. bxc3 Qb6 14. Qc2 g6 15. axb5 cxb5 16. Qa2 Ne4 17. Bxe4 fxe4 18. Qxa7 Qxa7 19. Rxa7 f6 20. Bf4 Ke7 21. g4 g5 22. Bg3 Ra8 23. Rb7 Ra3 24. Rb1 Rxc3 25. R1xb5 Rb3 26. Rxb3 cxb3 27. Rxb3 h5 28. h3 hxg4 29. hxg4 Ra8 30. Kg2 Ra2 31. Rc3 Rd2 32. Rc6 Nf8 33. Bd6+ Kd7 34. Ra6 Ng6 35. Bg3 Ke7 36. Kf1 Rb2 37. d5 Rd2 38. Ra7+ Kf8 39. d6 Rd5 40. Ra4 Kf7 41. Rxe4 Ne5 42. Kg2 Ke6 43. f4 Rd2+ 44. Kh3 Kd5 45. fxe5 Kxe4 46. exf6 Ra2 47. d7 Ra8 48. Bc7 1-0

[Event "CCT Play-in Chessable Masters 2024"]
[Site "Online"]
[Date "2024.01.31"]
[Round "7"]
[White "Rakhmanov_Aleksandr"]
[Black "Dragun, Kamil"]
[Result "1-0"]
[WhiteElo "2621"]
[BlackElo "2553"]
[Annotator "RC"]
[PlyCount "49"]
[EventDate "2024.01.26"]
[EventType "swiss"]
[EventCountry "NET"]
[SourceTitle "playchess.com"]
[Source "ChessBase"]
[SourceQuality "1"]

1. c4 c6 2. d4 d5 3. cxd5 cxd5 4. Nf3 Nf6 5. Nc3 Nc6 6. Bf4 a6 7. Ne5 Bd7 8. e3 e6 9. Bd3 Nxe5 10. Bxe5 Be7 11. O-O O-O 12. f4 Rc8 13. Rf3 g6 14. Rh3 b5 15. a3 Qb6 16. g4 b4 17. axb4 Qxb4 18. g5 Ne4 19. Nxe4 dxe4 20. Bxe4 f6 21. gxf6 Bxf6 22. Rxh7 Bc6 23. Bxg6 Qxb2 24. Qg4 Bf3 25. Qxe6+ 1-0

[Event "CCT Play-in Chessable Masters 2024"]
[Site "Online"]
[Date "2024.01.31"]
[Round "7"]
[White "LastGladiator1"]
[Black "Gavrilescu, David"]
[Result "1/2-1/2"]
[WhiteElo "2620"]
[BlackElo "2523"]
[Annotator "RC"]
[PlyCount "100"]
[EventDate "2024.01.26"]
[EventType "swiss"]
[EventCountry "NET"]
[SourceTitle "playchess.com"]
[Source "ChessBase"]
[SourceQuality "1"]

1. e4 c5 2. Nf3 e6 3. d4 cxd4 4. Nxd4 Nf6 5. Nc3 Nc6 6. Nxc6 bxc6 7. e5 Nd5 8. Ne4 Qc7 9. f4 Qb6 10. a3 Ne3 11. Qd3 Nxf1 12. Rxf1 Ba6 13. c4 f5 14. Nd6+ Bxd6 15. exd6 c5 16. Rf2 Bb7 17. Be3 a5 18. Qc3 Kf7 19. Qe5 Rhc8 20. g4 Qb3 21. Bxc5 Rxc5 22. Qxc5 Rc8 23. Qb5 Qe3+ 24. Kf1 Bc6 25. Qe5 Be4 26. Qc3 Bd3+ 27. Kg1 Rxc4 28. Re1 Qh3 29. Qb3 Rd4 30. Rg2 Rxf4 31. Qd1 Rxg4 32. Rxg4 fxg4 33. Qd2 Bf5 34. Re3 Qh6 35. Qd4 a4 36. Re1 Qh3 37. Re3 Qh6 38. Kg2 Qg5 39. Rc3 h5 40. Rc7 e5 41. Qxe5 Qd2+ 42. Kg3 Qd3+ 43. Kh4 Kg6 44. Qe8+ Kf6 45. Qe7+ Kg6 46. Rc3 Qd2 47. Qe8+ Kf6 48. Qe7+ Kg6 49. Qe8+ Kf6 50. Qe7+ Kg6 1/2-1/2

[Event "CCT Play-in Chessable Masters 2024"]
[Site "Online"]
[Date "2024.01.31"]
[Round "7"]
[White "Hakobyan, Aram"]
[Black "Sam_ChessMood"]
[Result "0-1"]
[WhiteElo "2616"]
[BlackElo "2623"]
[Annotator "RC"]
[PlyCount "90"]
[EventDate "2024.01.26"]
[EventType "swiss"]
[EventCountry "NET"]
[SourceTitle "playchess.com"]
[Source "ChessBase"]
[SourceQuality "1"]

1. e4 c5 2. Nf3 d6 3. d4 cxd4 4. Nxd4 Nf6 5. Nc3 a6 6. Bg5 e6 7. Qf3 Nbd7 8. O-O-O Qc7 9. Bxf6 Nxf6 10. g4 Be7 11. g5 Nd7 12. h4 b5 13. a3 Rb8 14. Qg3 b4 15. axb4 Rxb4 16. Nf5 exf5 17. Nd5 Qc5 18. Nxb4 Qxb4 19. exf5 Nc5 20. Bh3 Na4 21. Qb3 Qxb3 22. cxb3 Nb6 23. Rhe1 Kd8 24. f6 gxf6 25. gxf6 Bf8 26. Bxc8 Kxc8 27. Kb1 Kd7 28. Re5 d5 29. Rde1 Bb4 30. Rg1 Bd6 31. Re2 Bf8 32. Rge1 Bb4 33. Rg1 Bf8 34. Kc2 h5 35. Ra1 Rh6 36. Rxa6 Rxf6 37. Ra7+ Kc6 38. Kd1 Kb5 39. Rb7 Bd6 40. Ke1 Ka6 41. Rbe7 Bxe7 42. Rxe7 Re6+ 43. Rxe6 fxe6 44. Kd2 e5 45. Ke3 Nd7 0-1

[Event "CCT Play-in Chessable Masters 2024"]
[Site "Online"]
[Date "2024.01.31"]
[Round "7"]
[White "Santos Latasa, Jaime"]
[Black "tptagain"]
[Result "0-1"]
[WhiteElo "2615"]
[BlackElo "2639"]
[Annotator "RC"]
[PlyCount "144"]
[EventDate "2024.01.26"]
[EventType "swiss"]
[EventCountry "NET"]
[SourceTitle "playchess.com"]
[Source "ChessBase"]
[SourceQuality "1"]

1. d4 d5 2. c4 e6 3. Nc3 Bb4 4. cxd5 exd5 5. Bf4 c5 6. dxc5 Nf6 7. e3 O-O 8. Bd3 Bxc3+ 9. bxc3 Nbd7 10. Bd6 Re8 11. Ne2 Qa5 12. a4 Nxc5 13. Bb5 Ncd7 14. O-O a6 15. Bd3 Nc5 16. Bxc5 Qxc5 17. Qb3 Bd7 18. Rfc1 Ng4 19. Nd4 Qc7 20. Nf3 Ne5 21. Nxe5 Rxe5 22. c4 dxc4 23. Qxc4 Qxc4 24. Rxc4 Bc6 25. Rd4 Kf8 26. Rb1 Ke7 27. Kf1 Rd8 28. Rxd8 Kxd8 29. Rb4 Ra5 30. Bc2 Ke7 31. g3 b5 32. axb5 axb5 33. Ke2 Ra2 34. Kd2 Kd6 35. Kc3 Kc5 36. Bxh7 Rxf2 37. Be4 Bxe4 38. Rxe4 Rxh2 39. Re5+ Kc6 40. Re7 Rf2 41. g4 g5 42. e4 Rf4 43. Kd4 b4 44. Re5 b3 45. Rc5+ Kb6 46. Rc3 b2 47. Rb3+ Kc6 48. Rxb2 Rxg4 49. Ke3 Kd6 50. Rb6+ Ke5 51. Rb5+ Kf6 52. Rf5+ Kg6 53. Kf3 Rg1 54. Ra5 Rf1+ 55. Kg3 Rf4 56. Ra4 Kh5 57. Ra7 Kg6 58. e5 Re4 59. Re7 Re3+ 60. Kg4 Ra3 61. Rb7 Ra4+ 62. Kg3 Ra6 63. Kf3 Re6 64. Kf2 Rxe5 65. Kg3 f5 66. Rb4 Re3+ 67. Kf2 Ra3 68. Rc4 g4 69. Kg2 Kg5 70. Rb4 f4 71. Rc4 Ra2+ 72. Kg1 g3 0-1

[Event "CCT Play-in Chessable Masters 2024"]
[Site "Online"]
[Date "2024.01.31"]
[Round "7"]
[White "Ponkratov, Pavel"]
[Black "Oparin, Grigoriy"]
[Result "1/2-1/2"]
[WhiteElo "2614"]
[BlackElo "2664"]
[Annotator "RC"]
[PlyCount "132"]
[EventDate "2024.01.26"]
[EventType "swiss"]
[EventCountry "NET"]
[SourceTitle "playchess.com"]
[Source "ChessBase"]
[SourceQuality "1"]

1. e4 c5 2. Nf3 Nc6 3. d4 cxd4 4. Nxd4 e5 5. Nb5 d6 6. c4 g6 7. N1c3 a6 8. Na3 Nf6 9. Nc2 Bg7 10. Be2 O-O 11. Be3 Be6 12. Qd2 Qa5 13. O-O Rfd8 14. Rfd1 b5 15. b4 Qc7 16. cxb5 axb5 17. Bg5 Qb7 18. Bxb5 Nd4 19. Bd3 Nxc2 20. Bxc2 Qxb4 21. Rab1 Qa5 22. Bb3 Bxb3 23. axb3 Rdc8 24. b4 Qa3 25. Bxf6 Qxc3 26. Be7 Bf8 27. Qxd6 Rc6 28. Bxf8 Rxf8 29. Qd5 Rb8 30. b5 Rc5 31. Qd7 Qc2 32. b6 Kg7 33. Qd6 Rb7 34. h3 Qc3 35. Rd3 Qc4 36. Rdb3 Qd4 37. Rd3 Qxd6 38. Rxd6 Kf8 39. Rd5 Rc6 40. Rdb5 f6 41. h4 h5 42. Kf1 Kf7 43. Ke2 Ke6 44. Ke3 Rc3+ 45. Kd2 Rc6 46. g3 Rd6+ 47. Ke2 Rc6 48. R1b3 Rc2+ 49. Ke3 Rc1 50. f4 Rc6 51. Kf3 Rd6 52. fxe5 fxe5 53. g4 hxg4+ 54. Kxg4 Kf6 55. R5b4 Rc6 56. Rb2 Rd6 57. Rb5 Re6 58. Rb1 Rc6 59. Rf1+ Kg7 60. Rfb1 Kf6 61. Kf3 Rc3+ 62. Ke2 Rc6 63. Ke3 Ke6 64. Ke2 Kf6 65. Kd3 Ke6 66. Ke2 Kf6 1/2-1/2

[Event "CCT Play-in Chessable Masters 2024"]
[Site "Online"]
[Date "2024.01.31"]
[Round "7"]
[White "Hovhannisyan, Robert"]
[Black "Shankland, Sam"]
[Result "1-0"]
[WhiteElo "2611"]
[BlackElo "2674"]
[Annotator "TA"]
[PlyCount "129"]
[EventDate "2024.01.26"]
[EventType "swiss"]
[EventCountry "NET"]
[SourceTitle "playchess.com"]
[Source "ChessBase"]
[SourceQuality "1"]

1. e4 c5 2. Nf3 d6 3. d4 cxd4 4. Qxd4 Nf6 5. Nc3 a6 6. e5 Nc6 7. Qa4 dxe5 8. Nxe5 Bd7 9. Nxd7 Nxd7 10. Be2 g6 11. O-O Bg7 12. Rd1 O-O 13. Qh4 e6 14. Bg5 Qc7 15. Ne4 f5 16. Bf4 Qd8 17. Qxd8 Rfxd8 18. Ng5 Nc5 19. Bc4 Bxb2 20. Nxe6 Nxe6 21. Bxe6+ Kf8 22. Rab1 Rxd1+ 23. Rxd1 Rd8 24. Rxd8+ Nxd8 25. Bc8 Ke7 26. Kf1 Bd4 27. Bg5+ Bf6 28. Be3 Bc3 29. Bb6 Bf6 30. Bc5+ Ke8 31. Ke2 Be5 32. Bb6 Ke7 33. g3 Bd6 34. Kd3 f4 35. Kc4 fxg3 36. fxg3 Ba3 37. Kd5 Bb4 38. c4 Ba3 39. c5 Bc1 40. Bc7 Be3 41. a4 Bg1 42. h3 Bf2 43. Bd6+ Ke8 44. Bf4 Be1 45. Kd6 Ba5 46. Bd7+ Kf8 47. Bh6+ Kf7 48. Bg5 Kf8 49. Be7+ Kf7 50. h4 h5 51. Bc8 Ke8 52. Bd7+ Kf7 53. Bg5 Kf8 54. Bh6+ Kf7 55. Bf4 Kf8 56. Be3 Kf7 57. Bc1 Kf8 58. Bf4 Kf7 59. Bc8 Ke8 60. Bc1 Be1 61. Bf4 Ba5 62. Bh3 Bc3 63. Kc7 Ba5+ 64. Kc8 b6 65. Bd7+ 1-0

[Event "CCT Play-in Chessable Masters 2024"]
[Site "Online"]
[Date "2024.01.31"]
[Round "7"]
[White "Micki-taryan"]
[Black "Andreikin, Dmitry"]
[Result "1-0"]
[WhiteElo "2609"]
[BlackElo "2729"]
[Annotator "TA"]
[PlyCount "93"]
[EventDate "2024.01.26"]
[EventType "swiss"]
[EventCountry "NET"]
[SourceTitle "playchess.com"]
[Source "ChessBase"]
[SourceQuality "1"]

1. d4 Nf6 2. c4 e6 3. Nf3 d5 4. Nc3 Nbd7 5. cxd5 exd5 6. Qc2 c6 7. Bg5 Be7 8. e3 h6 9. Bh4 Nh5 10. Bxe7 Qxe7 11. Be2 Nhf6 12. O-O O-O 13. Rab1 a5 14. a3 Nb6 15. Bd3 a4 16. Ne5 Ng4 17. Nf3 Nf6 18. h3 Ne8 19. Ne5 Nd6 20. f4 Re8 21. Rbe1 Qh4 22. f5 Nd7 23. Nxd7 Bxd7 24. Nxa4 Rxa4 25. Qxa4 Bxf5 26. Bxf5 Nxf5 27. Qb4 Rxe3 28. Rxe3 Nxe3 29. Rf3 Nc4 30. Qxb7 Qxd4+ 31. Kh1 Ne5 32. Rf1 Qd3 33. Qc8+ Kh7 34. Qf5+ Kg8 35. Qxd3 Nxd3 36. a4 Kf8 37. a5 Nb4 38. Ra1 Na6 39. Ra3 Ke7 40. Rb3 d4 41. Kg1 Kd6 42. Rb6 Nc7 43. b4 Nb5 44. Rb7 Nc3 45. Kf2 Ne4+ 46. Ke1 Kd5 47. a6 1-0

[Event "CCT Play-in Chessable Masters 2024"]
[Site "Online"]
[Date "2024.01.31"]
[Round "7"]
[White "Mendonca, Leon Luke"]
[Black "Budisavljevic, Luka"]
[Result "1-0"]
[WhiteElo "2608"]
[BlackElo "2475"]
[Annotator "RC"]
[PlyCount "77"]
[EventDate "2024.01.26"]
[EventType "swiss"]
[EventCountry "NET"]
[SourceTitle "playchess.com"]
[Source "ChessBase"]
[SourceQuality "1"]

1. Nf3 e6 2. c4 Nf6 3. b3 d5 4. Bb2 c5 5. cxd5 exd5 6. g3 Nc6 7. Bg2 d4 8. O-O Be7 9. Na3 O-O 10. e3 Bf5 11. exd4 cxd4 12. Nc4 Rc8 13. Re1 Re8 14. Nfe5 Nb4 15. Bxb7 Rc7 16. Bg2 Nc2 17. Nc6 Qd7 18. Nxe7+ Rxe7 19. Rxe7 Qxe7 20. Rc1 d3 21. Qf3 Qe6 22. Qf4 Re7 23. Ne3 Bg6 24. Qb8+ Ne8 25. Nd5 Rd7 26. Bh3 f5 27. Nf4 Qe7 28. Bf1 Qe4 29. Nxd3 Rxd3 30. Rxc2 Rd7 31. d3 Qb7 32. Qxb7 Rxb7 33. Be5 Kf7 34. d4 Ke7 35. Rc6 Bf7 36. Bc4 Bxc4 37. bxc4 Rb2 38. Ra6 Rb7 39. c5 1-0